| 000 | 00851nas a2200289 4500 | ||
|---|---|---|---|
| 001 | BR2016004128 | ||
| 003 | BR-BrBNA | ||
| 005 | 20231205130631.0 | ||
| 007 | ta | ||
| 008 | 230509b bl.|||p| |||| 00| 00por d | ||
| 040 |
_aBR-BrBNA _bpor _cBiblioteca Nacional de Agricultura |
||
| 041 | _a(PT) | ||
| 072 | _aF70 | ||
| 100 | 1 | _aReis, L.C. dos | |
| 100 | 1 | _aOliveira, H.C. de | |
| 100 | 1 | _aBastos, C.J.P. | |
| 245 | 1 | _aHepáticas (Marchantiophyta)epífitas de duas áreas de floresta Atlântica no estado da Bahia, Brasil | |
| 650 | _aBRIOFITA | ||
| 650 | _aESPÉCIE | ||
| 650 | _aINVENTÁRIO | ||
| 650 | _aDIVERSIDADE | ||
| 650 | _aFLORESTA | ||
| 650 | _aBAHIA | ||
| 773 | 0 |
_tPesquisas. Botânica (Brazil) _xISSN 0373-840X _g(2105), no. 67 p. 225-241 _wBR2016004128 |
|
| 909 |
_a202311 _bLúcia _c55 _dLúcia Elande |
||
| 942 |
_2AGRIS _n0 _cANA |
||
| 999 |
_c250452 _d250452 |
||